Principles of functional programming
Saved in:
| Main Author: | |
|---|---|
| Other Authors: | , |
| Format: | Book |
| Language: | English |
| Published: |
Englewood Cliffs, N.J. :
Prentice/Hall International,
c1984
|
| Subjects: | |
| Tags: |
Add Tag
No Tags, Be the first to tag this record!
|
MARC
| LEADER | 00000cam a2200000 i 4500 | ||
|---|---|---|---|
| 001 | 1/45079 | ||
| 008 | 950217s1984 eng d | ||
| 020 | |a 013709163X ((pbk.)) |c $14.95 | ||
| 035 | |l 10026084 | ||
| 040 | |a GR-MY-UA |b gre |e aacr | ||
| 041 | 0 | |a eng | |
| 082 | 0 | |a 001.64/2 |2 (19) | |
| 100 | 1 | |a Glaser, Hugh. | |
| 245 | 1 | 0 | |a Principles of functional programming / |c Hugh Glaser, Chris Hankin and David Till |
| 260 | |a Englewood Cliffs, N.J. : |b Prentice/Hall International, |c c1984 | ||
| 300 | |a xi, 251 p.; |b ill.; |c 24 cm | ||
| 500 | |a Includes index | ||
| 504 | |a Bibliography: p. 229-231 | ||
| 650 | 0 | 0 | |a Functional programming (Computer science) |
| 650 | 0 | 0 | |a Functional programming languages. |
| 700 | 1 | |a Hankin, Chris. | |
| 700 | 1 | |a Till, David. | |
| 852 | |a INST |b CHIOS |e 19950217 |h 001.642 GLA |p 005200006864 |q 005200006864 |t BK |y 0 | ||
| 909 | |a Χ |b 003827 | ||